All CS:GO Operations - Statistics

General Stats
  • This quiz has been taken 115 times
  • The average score is 6 of 10
Answer Stats
Hint Answer % Correct
8th Hydra
83%
10th Broken Fang
77%
9th Shattered Web
74%
4th Breakout
73%
2nd Bravo
67%
7th Wildfire
63%
5th Vanguard
57%
6th Bloodhound
51%
1st Payback
47%
3rd Pheonix
20%
No matching quizzes found
Score Distribution
Percent of People with Each Score
Percentile by Number Answered
Your Score History
You have not taken this quiz